Guía práctica sobre responsabilidad penal de empresas y planes de prevención -compliance-
Guardat en:
| Autor principal: | |
|---|---|
| Format: | Llibre |
| Idioma: | espanyol |
| Publicat: |
Madrid
Wolters Kluwer S. A
2017
|
| Edició: | 1a. ed |
| Col·lecció: | La Ley
|
| Matèries: | |
| Etiquetes: |
Afegir etiqueta
Sense etiquetes, Sigues el primer a etiquetar aquest registre!
|
MARC
| LEADER | 00000cam a2200000 a 4500 | ||
|---|---|---|---|
| 001 | UCC3761 | ||
| 003 | CL-VaPUC | ||
| 008 | 180615e20170000sp |||||||||||||||||spa|d | ||
| 020 | |a 9788490205839 | ||
| 082 | 0 | 4 | |a 346.06 |b MAG |2 21 |
| 100 | |a Magro Servet, Vicente |e autor |9 597877 | ||
| 245 | 1 | 0 | |a Guía práctica sobre responsabilidad penal de empresas y planes de prevención -compliance- |
| 250 | |a 1a. ed | ||
| 300 | |a 429 p | ||
| 942 | |c BK | ||
| 945 | |d 20180615 12:36:00 |a dcastane | ||
| 260 | |a Madrid |b Wolters Kluwer S. A |c 2017 | ||
| 650 | 7 | |a CONFIABILIDAD |2 CL-VaPUC |9 373011 | |
| 650 | 0 | |a Responsabilidad penal |9 254899 | |
| 650 | 0 | |a Responsabilidad social empresarial |9 525230 | |
| 583 | |a last modification |c 20180615 12:36:00 |k Rodrigo Vera | ||
| 490 | 0 | |a La Ley | |
| 999 | |c 371445 |d 371443 | ||
| 952 | |0 0 |1 0 |3 erb |4 0 |6 346_060000000000000_MAG_2017 |7 0 |8 A |9 488444 |a BIBDER |b BIBDER |i 5474922 |l 1 |o 346.06 MAG 2017 |p 5474922 |r 2023-11-14 |s 2023-11-07 |w 2019-11-24 |y BK |z Catalogado en:20180615 |k DER | ||